[Event "FIDE World Rapid-ch Open 2018"]
[White "Maghsoodloo, Parham"]
[Black "Kovalev, Vladislav"]
[Site "St. Petersburg"]
[Round "14.64"]
[Annotator "ChessBase"]
[Result "1-0"]
[Date "2018.12.28"]
[WhiteElo "2688"]
[BlackElo "2683"]
[PlyCount "119"]
[TimeControl "900+10"]

1. d4 {[%emt 0:0:0]} Nf6 {[%emt 0:0:0]} 2. c4 {[%emt 0:0:0]} g6 {[%emt 0:0:0]} 3. Nc3 {[%emt 0:0:1]} Bg7 {[%emt 0:0:0]} 4. e4 {[%emt 0:0:2]} d6 {[%emt 0:0:0]} 5. Nf3 {[%emt 0:0:3]} 0-0 {[%emt 0:0:0]} 6. Be2 {[%emt 0:0:0]} Na6 {[%emt 0:0:0]} 7. 0-0 {[%emt 0:0:6]} e5 {[%emt 0:0:0]} 8. Re1 {[%emt 0:0:26]} Qe8 {[%emt 0:0:3]} 9. dxe5 {[%emt 0:0:34]} dxe5 {[%emt 0:0:0]} 10. b3 {[%emt 0:0:1]} Nc5 {[%emt 0:2:35]} 11. Qc2 {[%emt 0:0:23]} c6 {[%emt 0:1:34]} 12. Ba3 {[%emt 0:0:22]} Nfd7 {[%emt 0:1:9]} 13. Nd2 {[%emt 0:0:55]
} Qe7 {[%emt 0:0:29]} 14. Bg4 {[%emt 0:0:18]} b6 {[%emt 0:0:0]} 15. Bxd7 {[%emt 0:1:18]} Qxd7 {[%emt 0:0:24]} 16. Bxc5 {[%emt 0:0:9]} bxc5 {[%emt 0:0:1]} 17. Na4 {[%emt 0:0:6]} Qe7 {[%emt 0:0:3]} 18. h3 {[%emt 0:0:34]
} f5 {[%emt 0:0:4]} 19. Rad1 {[%emt 0:0:2]} Rd8 {[%emt 0:0:0]} 20. Nf3 {[%emt 0:0:5]} Be6 {[%emt 0:0:18]} 21. Qe2 {[%emt 0:0:54]} Rac8 {[%emt 0:2:5]} 22. Qe3 {[%emt 0:2:50]} fxe4 {[%emt 0:0:5]} 23. Nd2 {[%emt 0:0:2]
} Rd3 {[%emt 0:0:16]} 24. Qe2 {[%emt 0:0:1]} Bf5 {[%emt 0:0:0]} 25. Nxe4 {[%emt 0:0:7]} Rd4 {[%emt 0:0:4]} 26. Rxd4 {[%emt 0:2:19]} cxd4 {[%emt 0:0:18]} 27. Nac5 {[%emt 0:0:20]} Rd8 {[%emt 0:0:37]} 28. Nd3 {[%emt 0:0:2]
} Qa3 {[%emt 0:0:10]} 29. g4 {[%emt 0:1:31]} Bc8 {[%emt 0:0:0]} 30. Qd2 {[%emt 0:1:34]} Qe7 {[%emt 0:0:16]} 31. Qg5 {[%emt 0:0:29]} Qf8 {[%emt 0:0:54]} 32. Kg2 {[%emt 0:0:6]} Re8 {[%emt 0:0:22]} 33. f3 {[%emt 0:0:0]} a5 {[%emt 0:1:8]} 34. Re2 {[%emt 0:0:52]} a4 {[%emt 0:0:44]} 35. Ndc5 {[%emt 0:0:47]} axb3 {[%emt 0:0:4]} 36. axb3 {[%emt 0:0:1]} Rd8 {[%emt 0:0:34]
} 37. Nd3 {[%emt 0:0:15]} Be6 {[%emt 0:0:19]} 38. Ra2 {[%emt 0:0:0]} Rb8 {[%emt 0:0:13]} 39. Ndc5 {[%emt 0:0:35]} Bc8 {[%emt 0:0:11]} 40. Ra7 {[%emt 0:0:3]} d3 {[%emt 0:0:5]} 41. Qe3 {[%emt 0:0:24]} Qd8 {[%emt 0:0:0]} 42. Qxd3 {[%emt 0:0:13]} Qxd3 43. Nxd3 {[%emt 0:0:1]} Rxb3 {[%emt 0:0:0]} 44. Ra8 {[%emt 0:0:33]} Rxd3 {[%emt 0:0:1]} 45. Rxc8+ {[%emt 0:0:0]} Bf8 {[%emt 0:0:11]} 46. Rxc6 {[%emt 0:0:6]} Bb4 {[%emt 0:0:19]} 47. Rc7 {[%emt 0:0:5]} h5 {[%emt 0:0:2]} 48. c5 {[%emt 0:0:22]} Ra3 {[%emt 0:0:0]} 49. Rb7 {[%emt 0:0:8]} Ra2+ {[%emt 0:0:2]} 50. Kf1 {[%emt 0:0:1]} Ra1+ {[%emt 0:0:17]} 51. Ke2 {[%emt 0:0:2]} Ra2+ {[%emt 0:0:2]} 52. Kd1 {[%emt 0:0:14]
} Ra1+ {[%emt 0:0:17]} 53. Kc2 {[%emt 0:0:1]} Bxc5 {[%emt 0:0:0]} 54. Nxc5 {[%emt 0:0:2]} Rh1 {[%emt 0:0:17]} 55. Nd7 {[%emt 0:0:24]} Rxh3 {[%emt 0:0:9]} 56. Nxe5 {[%emt 0:0:2]} h4 {[%emt 0:0:5]} 57. Nxg6 {[%emt 0:0:40]
} Rxf3 {[%emt 0:0:10]} 58. Nxh4 {[%emt 0:0:2]} Rf4 {[%emt 0:0:0]} 59. Nf5 {[%emt 0:0:1]} Kh8 {[%emt 0:0:4]} 60. Ne3 {[%emt 0:0:3]} 1-0

[Event "FIDE World Rapid-ch Open 2018"]
[White "Usmanov, Vasily"]
[Black "Salgado Lopez, Ivan"]
[Site "St. Petersburg"]
[Round "14.65"]
[Annotator "ChessBase"]
[Result "0-1"]
[Date "2018.12.28"]
[WhiteElo "2450"]
[BlackElo "2629"]
[PlyCount "124"]
[TimeControl "900+10"]

1. Nf3 {[%emt 0:0:0]} b6 {[%emt 0:0:0]} 2. c4 {[%emt 0:0:13]} Bb7 {[%emt 0:0:2]
} 3. Nc3 {[%emt 0:0:1]} Nf6 {[%emt 0:0:7]} 4. d4 {[%emt 0:0:0]} e6 {[%emt 0:0:3]} 5. a3 {[%emt 0:0:6]} d5 {[%emt 0:0:7]} 6. Bg5 {[%emt 0:0:7]
} Be7 {[%emt 0:0:9]} 7. Qa4+ {[%emt 0:0:7]} Qd7 {[%emt 0:0:0]} 8. Qc2 {[%emt 0:0:36]} dxc4 {[%emt 0:0:36]} 9. e3 {[%emt 0:0:37]} Bxf3 {[%emt 0:1:38]} 10. gxf3 {[%emt 0:0:4]} Qc6 {[%emt 0:0:50]} 11. Bxf6 {[%emt 0:0:51]
} Bxf6 {[%emt 0:0:11]} 12. Qe4 {[%emt 0:0:15]} 0-0 {[%emt 0:0:0]} 13. f4 {[%emt 0:1:49]} Qxe4 {[%emt 0:0:31]} 14. Nxe4 {[%emt 0:0:2]} Nd7 {[%emt 0:0:28]} 15. Bxc4 {[%emt 0:0:12]} c5 {[%emt 0:0:37]} 16. Nxf6+ {[%emt 0:0:13]
} Nxf6 {[%emt 0:0:28]} 17. dxc5 {[%emt 0:0:8]} bxc5 {[%emt 0:0:0]} 18. Rc1 {[%emt 0:0:18]} Rab8 {[%emt 0:0:17]} 19. Rc2 {[%emt 0:0:12]} Rfd8 {[%emt 0:0:4]} 20. Ke2 {[%emt 0:0:5]} Kf8 {[%emt 0:0:6]} 21. Rhc1 {[%emt 0:1:17]
} Rd6 {[%emt 0:0:13]} 22. Bd3 {[%emt 0:1:13]} Nd7 {[%emt 0:0:0]} 23. b4 {[%emt 0:0:9]} cxb4 {[%emt 0:0:21]} 24. Rc8+ {[%emt 0:0:1]} Ke7 {[%emt 0:0:56]} 25. Rxb8 {[%emt 0:0:2]} Nxb8 {[%emt 0:0:3]} 26. axb4 {[%emt 0:0:2]
} Rc6 {[%emt 0:0:21]} 27. Rg1 {[%emt 0:0:36]} g6 {[%emt 0:0:0]} 28. b5 {[%emt 0:1:21]} Rc7 {[%emt 0:0:8]} 29. Ra1 {[%emt 0:0:16]} Kd6 {[%emt 0:0:52]} 30. Kf3 {[%emt 0:0:52]} Kc5 {[%emt 0:0:43]} 31. Kg4 {[%emt 0:0:3]
} h6 {[%emt 0:0:12]} 32. h4 {[%emt 0:0:33]} Nd7 {[%emt 0:0:13]
} 33. Kf3 {[%emt 0:1:28]} h5 {[%emt 0:0:11]} 34. Ra4 {[%emt 0:1:10]} Nb6 {[%emt 0:0:21]
} 35. Ra6 {[%emt 0:0:45]} Nd5 {[%emt 0:0:21]} 36. Bf1 {[%emt 0:0:0]} Nc3 {[%emt 0:0:34]} 37. Ra3 {[%emt 0:0:3]} Kb4 {[%emt 0:0:39]} 38. Ra1 {[%emt 0:0:0]} Rb7 {[%emt 0:0:28]} 39. e4 {[%emt 0:0:53]} Nxb5 {[%emt 0:0:10]
} 40. Ke3 {[%emt 0:1:14]} Na3 {[%emt 0:2:34]} 41. Bd3 {[%emt 0:0:0]} Rc7 {[%emt 0:0:31]} 42. f5 {[%emt 0:0:2]} exf5 {[%emt 0:0:16]} 43. exf5 {[%emt 0:0:1]} gxf5 {[%emt 0:0:3]} 44. Rg1 {[%emt 0:0:43]} a5 {[%emt 0:0:4]
} 45. Rg5 {[%emt 0:0:1]} Rc5 {[%emt 0:0:7]} 46. Kd4 {[%emt 0:0:0]} a4 {[%emt 0:0:41]} 47. Rxh5 {[%emt 0:0:5]} Nb5+ {[%emt 0:0:11]} 48. Bxb5 {[%emt 0:0:5]} Rxb5 {[%emt 0:0:1]} 49. Rh8 {[%emt 0:0:29]} a3 {[%emt 0:0:18]
} 50. Ra8 {[%emt 0:0:11]} f4 {[%emt 0:0:6]} 51. f3 {[%emt 0:0:0]} Kb3 {[%emt 0:0:4]} 52. Ke4 {[%emt 0:0:35]} a2 {[%emt 0:0:8]} 53. Rxa2 {[%emt 0:0:22]} Kxa2 {[%emt 0:0:3]} 54. Kxf4 {[%emt 0:0:1]} Kb3 {[%emt 0:0:41]
} 55. Kg4 {[%emt 0:0:1]} Kc4 {[%emt 0:0:10]} 56. h5 {[%emt 0:0:0]} Kd5 {[%emt 0:0:4]} 57. h6 {[%emt 0:0:18]} Ke6 {[%emt 0:0:15]} 58. h7 {[%emt 0:0:4]} Rb8 {[%emt 0:0:4]} 59. Kg5 {[%emt 0:0:1]} Rh8 {[%emt 0:0:0]} 60. Kh6 {[%emt 0:0:1]} Kf6 {[%emt 0:0:3]} 61. f4 {[%emt 0:0:2]} Ra8 {[%emt 0:0:5]} 62. h8=Q+ {[%emt 0:0:11]} Rxh8# 0-1

[Event "FIDE World Rapid-ch Open 2018"]
[White "Frolyanov, Dmitry"]
[Black "Ghaem Maghami, Ehsan"]
[Site "St. Petersburg"]
[Round "14.66"]
[Annotator "ChessBase"]
[Result "0-1"]
[Date "2018.12.28"]
[WhiteElo "2517"]
[BlackElo "2537"]
[PlyCount "88"]
[TimeControl "900+10"]

1. e4 {[%emt 0:0:0]} c6 {[%emt 0:0:0]} 2. d4 {[%emt 0:0:0]} d5 {[%emt 0:0:0]} 3. exd5 {[%emt 0:0:0]} cxd5 {[%emt 0:0:0]} 4. c4 {[%emt 0:0:0]} Nf6 {[%emt 0:0:4]} 5. Nc3 {[%emt 0:0:0]} e6 {[%emt 0:1:43]} 6. Nf3 {[%emt 0:0:0]
} Bb4 {[%emt 0:0:1]} 7. cxd5 {[%emt 0:0:4]} Nxd5 {[%emt 0:0:0]} 8. Bd2 {[%emt 0:0:2]} Nc6 {[%emt 0:0:2]} 9. Bd3 {[%emt 0:0:3]} Nde7 {[%emt 0:0:2]} 10. 0-0 {[%emt 0:1:51]} h6 {[%emt 0:1:2]} 11. Qe2 {[%emt 0:0:0]} 0-0 {[%emt 0:0:39]} 12. Qe4 {[%emt 0:1:33]} Ng6 {[%emt 0:0:22]} 13. Rad1 {[%emt 0:0:14]} Re8 {[%emt 0:0:20]} 14. Rfe1 {[%emt 0:0:31]} Bd7 {[%emt 0:0:15]
} 15. Bc1 {[%emt 0:3:37]} Ba5 {[%emt 0:4:8]} 16. Bb1 {[%emt 0:0:0]} Nce7 {[%emt 0:0:57]} 17. Ne5 {[%emt 0:0:29]} Bc6 {[%emt 0:0:7]} 18. Nxc6 {[%emt 0:0:12]} bxc6 {[%emt 0:0:5]} 19. h4 {[%emt 0:1:9]} Nd5 {[%emt 0:1:8]
} 20. h5 {[%emt 0:0:6]} Nf8 {[%emt 0:0:6]} 21. Rd3 {[%emt 0:0:0]} Rb8 {[%emt 0:0:43]} 22. Rg3 {[%emt 0:0:37]} Bc7 {[%emt 0:1:35]} 23. Rh3 {[%emt 0:0:10]} Rb4 {[%emt 0:0:31]} 24. a3 {[%emt 0:0:34]} Nf6 {[%emt 0:0:0]} 25. Qxc6 {[%emt 0:0:29]} Rxd4 {[%emt 0:0:1]} 26. Be3 {[%emt 0:0:28]
} Rd6 {[%emt 0:0:1]} 27. Qc4 {[%emt 0:0:25]} Bb6 {[%emt 0:0:7]} 28. Ne4 {[%emt 0:0:51]
} Nxe4 {[%emt 0:1:47]} 29. Qxe4 {[%emt 0:0:2]} Rd1 {[%emt 0:0:0]} 30. Bxb6 {[%emt 0:0:4]} Rxe1+ {[%emt 0:0:4]} 31. Qxe1 {[%emt 0:0:0]} Qxb6 {[%emt 0:0:3]} 32. b4 {[%emt 0:0:16]} Nd7 {[%emt 0:0:30]} 33. Qe3 {[%emt 0:1:4]} Qb8 {[%emt 0:0:44]} 34. Bd3 {[%emt 0:0:24]} Nf6 {[%emt 0:0:0]} 35. Be2 {[%emt 0:0:6]} Nd5 {[%emt 0:0:31]} 36. Qd2 {[%emt 0:0:13]} Qe5 {[%emt 0:0:29]} 37. Rf3 {[%emt 0:0:45]} Rc8 {[%emt 0:0:11]} 38. g3 {[%emt 0:0:0]} Qa1+ {[%emt 0:0:39]} 39. Kg2 {[%emt 0:0:1]} Rc1 {[%emt 0:0:7]} 40. Rd3 {[%emt 0:0:30]} Rg1+ {[%emt 0:0:9]} 41. Kh2 {[%emt 0:0:6]} Rh1+ {[%emt 0:0:17]
} 42. Kg2 {[%emt 0:0:1]} Qg1+ {[%emt 0:0:17]} 43. Kf3 {[%emt 0:0:1]
} Rh2 {[%emt 0:0:2]} 44. Bd1 {[%emt 0:0:8]} Qg2+ {[%emt 0:0:0]} 0-1

[Event "FIDE World Rapid-ch Open 2018"]
[White "Bilguun, Sumiya"]
[Black "Novikov, Stanislav"]
[Site "St. Petersburg"]
[Round "14.67"]
[Annotator "ChessBase"]
[Result "1-0"]
[Date "2018.12.28"]
[WhiteElo "2497"]
[BlackElo "2540"]
[PlyCount "105"]
[TimeControl "900+10"]

1. e4 {[%emt 0:0:0]} g6 {[%emt 0:0:0]} 2. d4 {[%emt 0:0:0]} Bg7 {[%emt 0:0:0]} 3. Nc3 {[%emt 0:0:0]} c6 {[%emt 0:0:0]} 4. Nge2 {[%emt 0:0:3]} b5 {[%emt 0:0:8]} 5. a3 {[%emt 0:0:10]} d6 {[%emt 0:0:8]} 6. h3 {[%emt 0:0:0]} Nd7 {[%emt 0:0:10]} 7. g4 {[%emt 0:0:3]} Bb7 {[%emt 0:0:5]} 8. Bg2 {[%emt 0:0:2]
} a5 {[%emt 0:0:52]} 9. Ng3 {[%emt 0:0:4]} b4 {[%emt 0:0:8]} 10. Nce2 {[%emt 0:0:1]} c5 {[%emt 0:0:22]} 11. c3 {[%emt 0:0:12]} bxc3 {[%emt 0:0:25]
} 12. bxc3 {[%emt 0:0:1]} e5 {[%emt 0:0:5]} 13. d5 {[%emt 0:0:0]} Bh6 {[%emt 0:1:31]} 14. Bxh6 {[%emt 0:0:46]} Nxh6 {[%emt 0:0:1]} 15. Qd2 {[%emt 0:0:33]} Ng8 {[%emt 0:0:50]} 16. h4 {[%emt 0:1:19]} Ba6 {[%emt 0:0:54]
} 17. h5 {[%emt 0:0:18]} Rb8 {[%emt 0:0:16]} 18. g5 {[%emt 0:0:0]} c4 {[%emt 0:0:38]} 19. 0-0 {[%emt 0:1:18]} h6 {[%emt 0:2:0]} 20. f4 Qb6+ {[%emt 0:5:25]} 21. Kh2 {[%emt 0:2:36]} hxg5 {[%emt 0:1:26]} 22. fxg5 {[%emt 0:0:5]
} Nc5 {[%emt 0:0:8]} 23. Qe3 {[%emt 0:0:36]} Rh7 {[%emt 0:0:0]} 24. Qf3 {[%emt 0:0:7]} Bc8 {[%emt 0:0:12]} 25. Ng1 {[%emt 0:2:11]} Qd8 {[%emt 0:0:7]} 26. Nh3 {[%emt 0:1:38]} Bxh3 {[%emt 0:0:46]} 27. hxg6 {[%emt 0:0:35]
} fxg6 {[%emt 0:0:6]} 28. Qf8+ {[%emt 0:1:42]} Kd7 {[%emt 0:0:0]} 29. Rf7+ {[%emt 0:0:4]} Rxf7 {[%emt 0:0:0]} 30. Qxf7+ {[%emt 0:0:0]} Ne7 {[%emt 0:0:2]} 31. Bxh3+ {[%emt 0:0:2]} Kc7 {[%emt 0:0:0]} 32. Rf1 {[%emt 0:0:42]} Rb2+ {[%emt 0:0:11]} 33. Rf2 {[%emt 0:0:15]} Rxf2+ {[%emt 0:1:48]
} 34. Qxf2 {[%emt 0:0:2]} Kb6 {[%emt 0:0:6]} 35. Bf1 {[%emt 0:0:7]
} Qh8+ {[%emt 0:0:29]} 36. Kg2 {[%emt 0:0:12]} Qh4 {[%emt 0:0:0]} 37. Bxc4 {[%emt 0:1:41]} Qxg5 {[%emt 0:0:10]} 38. Qf8 {[%emt 0:0:29]} Kc7 {[%emt 0:0:20]} 39. Qa8 {[%emt 0:0:59]} Qd2+ {[%emt 0:0:12]} 40. Ne2 {[%emt 0:0:15]
} Nc8 {[%emt 0:0:19]} 41. Qxa5+ {[%emt 0:0:10]} Nb6 {[%emt 0:0:0]} 42. Qa7+ {[%emt 0:0:5]} Nb7 {[%emt 0:0:6]} 43. Ba6 {[%emt 0:0:15]} Qg5+ {[%emt 0:0:3]} 44. Kf1 {[%emt 0:0:14]} Qf6+ {[%emt 0:0:4]} 45. Kg2 {[%emt 0:0:33]
} Qg5+ {[%emt 0:0:3]} 46. Kf1 {[%emt 0:0:17]} Qf6+ {[%emt 0:0:0]} 47. Ke1 {[%emt 0:0:1]} Qh4+ {[%emt 0:0:1]} 48. Kd2 {[%emt 0:0:21]} Qg5+ {[%emt 0:0:2]} 49. Kd1 {[%emt 0:0:19]} Qe3 {[%emt 0:0:7]} 50. Qxb7+ {[%emt 0:0:11]
} Kd8 {[%emt 0:0:1]} 51. Bb5 {[%emt 0:0:23]} g5 {[%emt 0:0:0]} 52. a4 {[%emt 0:0:3]} Qc5 {[%emt 0:0:11]} 53. a5 {[%emt 0:0:13]} 1-0

[Event "FIDE World Rapid-ch Open 2018"]
[White "Miton, Kamil"]
[Black "Nozdrachev, Vladislav"]
[Site "St. Petersburg"]
[Round "14.68"]
[Annotator "ChessBase"]
[Result "1/2-1/2"]
[Date "2018.12.28"]
[WhiteElo "2588"]
[BlackElo "2486"]
[PlyCount "172"]
[TimeControl "900+10"]

1. d4 {[%emt 0:0:0]} Nf6 {[%emt 0:0:0]} 2. c4 {[%emt 0:0:0]} e6 {[%emt 0:0:0]} 3. g3 {[%emt 0:0:0]} d5 {[%emt 0:0:5]} 4. Bg2 {[%emt 0:0:0]} Be7 {[%emt 0:0:2]} 5. Nf3 {[%emt 0:0:3]} 0-0 {[%emt 0:0:3]} 6. 0-0 {[%emt 0:0:0]} dxc4 {[%emt 0:0:2]} 7. Nc3 {[%emt 0:0:3]} Qd6 {[%emt 0:0:52]} 8. Bf4 {[%emt 0:1:2]} Qa6 {[%emt 0:0:27]} 9. e4 {[%emt 0:0:41]} b5 {[%emt 0:0:0]} 10. a4 {[%emt 0:0:30]} bxa4 {[%emt 0:0:54]} 11. Rxa4 {[%emt 0:0:6]} Qb6 {[%emt 0:0:3]} 12. Qb1 {[%emt 0:2:46]} Nc6 {[%emt 0:0:36]} 13. Nd2 {[%emt 0:1:16]
} Nxd4 {[%emt 0:0:57]} 14. Nxc4 {[%emt 0:1:12]} Qc5 {[%emt 0:0:0]} 15. Ne5 {[%emt 0:1:32]} Bb7 {[%emt 0:2:56]} 16. Re1 {[%emt 0:1:1]} Rfd8 {[%emt 0:0:41]} 17. Rc4 {[%emt 0:0:54]} Qb6 {[%emt 0:1:4]} 18. b4 {[%emt 0:0:45]
} Rac8 {[%emt 0:1:35]} 19. Be3 {[%emt 0:0:49]} c5 {[%emt 0:0:0]} 20. Na4 {[%emt 0:1:3]} Qc7 {[%emt 0:0:51]} 21. bxc5 {[%emt 0:0:14]} Nc6 {[%emt 0:0:18]} 22. Nxc6 {[%emt 0:0:14]} Bxc6 {[%emt 0:0:5]} 23. Nc3 {[%emt 0:0:11]
} Rb8 {[%emt 0:0:8]} 24. Qc2 {[%emt 0:0:24]} Ng4 {[%emt 0:0:0]} 25. Bf4 {[%emt 0:0:15]} Ne5 {[%emt 0:0:49]} 26. Nd5 {[%emt 0:0:7]} exd5 {[%emt 0:0:49]} 27. exd5 {[%emt 0:0:1]} Bxd5 {[%emt 0:0:51]} 28. Bxe5 {[%emt 0:0:21]} Qa5 {[%emt 0:0:2]} 29. Bc3 {[%emt 0:1:19]} Qa6 {[%emt 0:0:0]} 30. Bxd5 {[%emt 0:0:25]} Rxd5 {[%emt 0:0:1]} 31. Bxg7 {[%emt 0:0:26]} Bg5 {[%emt 0:1:6]} 32. Ba1 {[%emt 0:0:36]} Qg6 {[%emt 0:0:25]} 33. Qc3 {[%emt 0:0:11]
} f6 {[%emt 0:0:2]} 34. Qf3 {[%emt 0:0:28]} Qd3 {[%emt 0:0:0]} 35. Qxd3 {[%emt 0:0:5]} Rxd3 {[%emt 0:0:1]} 36. h4 {[%emt 0:0:13]} Bd2 {[%emt 0:0:2]} 37. Rd1 {[%emt 0:0:5]} Kf7 {[%emt 0:0:9]} 38. c6 {[%emt 0:0:4]
} Rd6 {[%emt 0:0:12]} 39. Bc3 {[%emt 0:0:23]} Bf4 {[%emt 0:0:0]} 40. Ra1 {[%emt 0:0:5]} Bd2 {[%emt 0:0:27]} 41. Rxa7+ {[%emt 0:0:8]} Kg6 {[%emt 0:0:1]} 42. Rd7 {[%emt 0:0:35]} Rxd7 {[%emt 0:0:14]} 43. cxd7 {[%emt 0:0:1]
} Bxc3 {[%emt 0:0:1]} 44. Rc8 {[%emt 0:0:6]} Rb1+ {[%emt 0:0:0]} 45. Kg2 {[%emt 0:0:4]} Ba5 {[%emt 0:0:2]} 46. Ra8 {[%emt 0:0:28]} Rd1 {[%emt 0:0:9]} 47. Rxa5 {[%emt 0:0:3]} Rxd7 {[%emt 0:0:2]} 48. g4 {[%emt 0:0:9]
} Rd4 {[%emt 0:0:16]} 49. Kg3 {[%emt 0:0:3]} Rb4 {[%emt 0:0:0]} 50. f3 {[%emt 0:0:12]} Rb7 {[%emt 0:0:24]} 51. Ra6 {[%emt 0:0:16]} Kg7 {[%emt 0:0:11]} 52. g5 {[%emt 0:0:21]} fxg5 {[%emt 0:0:9]} 53. hxg5 {[%emt 0:0:2]
} Rb4 {[%emt 0:0:13]} 54. f4 {[%emt 0:0:5]} Rc4 {[%emt 0:0:0]} 55. Kg4 {[%emt 0:0:2]} Rc8 {[%emt 0:0:25]} 56. Ra7+ {[%emt 0:0:9]} Kg8 {[%emt 0:0:2]} 57. Re7 {[%emt 0:0:32]} Ra8 {[%emt 0:0:5]} 58. Kf5 {[%emt 0:0:7]
} Ra4 {[%emt 0:0:13]} 59. Re4 {[%emt 0:0:3]} Ra6 {[%emt 0:0:0]} 60. Re6 {[%emt 0:0:18]} Ra4 {[%emt 0:0:1]} 61. Re7 {[%emt 0:0:6]} Rb4 {[%emt 0:0:4]} 62. Ke5 {[%emt 0:0:10]} Rb5+ {[%emt 0:0:27]} 63. Kf6 {[%emt 0:0:3]
} Rb6+ {[%emt 0:0:1]} 64. Re6 {[%emt 0:0:2]} Rb8 {[%emt 0:0:0]} 65. f5 {[%emt 0:0:15]} Ra8 {[%emt 0:0:6]} 66. Rc6 {[%emt 0:0:27]} Rf8+ {[%emt 0:0:7]} 67. Ke5 {[%emt 0:0:3]} Re8+ {[%emt 0:0:4]} 68. Kf4 {[%emt 0:0:16]
} Re1 {[%emt 0:0:7]} 69. Rc8+ {[%emt 0:0:26]} Kf7 {[%emt 0:0:0]} 70. Rc7+ {[%emt 0:0:1]} Kg8 {[%emt 0:0:1]} 71. f6 {[%emt 0:0:14]} Rf1+ {[%emt 0:0:1]} 72. Ke4 {[%emt 0:0:13]} h6 {[%emt 0:0:44]} 73. Rc8+ {[%emt 0:0:38]
} Kh7 {[%emt 0:0:4]} 74. Rc7+ {[%emt 0:0:24]} Kg6 {[%emt 0:0:0]} 75. Rg7+ {[%emt 0:0:12]} Kh5 {[%emt 0:0:2]} 76. gxh6 {[%emt 0:0:13]} Kxh6 {[%emt 0:0:9]} 77. Ke5 {[%emt 0:0:1]} Ra1 {[%emt 0:0:32]} 78. Rg8 {[%emt 0:0:20]
} Ra5+ {[%emt 0:0:2]} 79. Ke4 {[%emt 0:0:9]} Ra4+ {[%emt 0:0:0]} 80. Kd5 {[%emt 0:0:7]} Ra5+ {[%emt 0:0:1]} 81. Ke6 {[%emt 0:0:13]} Ra6+ {[%emt 0:0:1]} 82. Ke5 {[%emt 0:0:9]} Ra5+ {[%emt 0:0:1]} 83. Ke4 {[%emt 0:0:2]
} Ra4+ {[%emt 0:0:0]} 84. Ke3 {[%emt 0:0:19]} Ra3+ {[%emt 0:0:0]} 85. Kd4 {[%emt 0:0:9]} Ra4+ {[%emt 0:0:2]} 86. Kc5 {[%emt 0:0:11]} Ra5+ {[%emt 0:0:3]} 1/2-1/2

[Event "FIDE World Rapid-ch Open 2018"]
[White "Tregubov, Pavel V."]
[Black "Belyakov, Bogdan"]
[Site "St. Petersburg"]
[Round "14.69"]
[Annotator "ChessBase"]
[Result "1/2-1/2"]
[Date "2018.12.28"]
[WhiteElo "2592"]
[BlackElo "2459"]
[PlyCount "131"]
[TimeControl "900+10"]

1. d4 {[%emt 0:0:0]} Nf6 {[%emt 0:0:0]} 2. c4 {[%emt 0:0:0]} g6 {[%emt 0:0:0]} 3. g3 {[%emt 0:0:0]} Bg7 {[%emt 0:0:0]} 4. Bg2 {[%emt 0:0:0]} 0-0 {[%emt 0:0:0]} 5. Nc3 {[%emt 0:0:0]} d6 {[%emt 0:0:0]} 6. Nf3 {[%emt 0:0:0]} Nc6 {[%emt 0:0:0]} 7. 0-0 {[%emt 0:0:3]} a6 {[%emt 0:0:0]} 8. h3 {[%emt 0:0:8]} Bd7 {[%emt 0:0:2]} 9. e4 {[%emt 0:0:4]} e5 {[%emt 0:0:7]
} 10. dxe5 {[%emt 0:0:11]} Nxe5 {[%emt 0:0:8]} 11. Nxe5 {[%emt 0:0:7]} dxe5 {[%emt 0:0:2]} 12. Be3 {[%emt 0:0:13]} Be6 {[%emt 0:0:44]} 13. Qe2 {[%emt 0:0:53]
} Qc8 {[%emt 0:1:15]} 14. Kh2 {[%emt 0:0:6]} Rd8 {[%emt 0:0:0]} 15. Nd5 {[%emt 0:0:7]} Nxd5 {[%emt 0:1:30]} 16. cxd5 {[%emt 0:0:11]} Bd7 {[%emt 0:0:1]} 17. Rfd1 {[%emt 0:0:37]} Bf8 {[%emt 0:1:3]} 18. Rac1 {[%emt 0:0:1]
} Bd6 {[%emt 0:0:1]} 19. Bg5 {[%emt 0:0:58]} Re8 {[%emt 0:0:0]} 20. Bf6 {[%emt 0:0:8]} Qb8 {[%emt 0:0:13]} 21. Qe3 {[%emt 0:0:19]} Qa7 {[%emt 0:0:13]} 22. Qh6 {[%emt 0:1:23]} Bf8 {[%emt 0:0:2]} 23. Qd2 {[%emt 0:1:40]
} Qb6 {[%emt 0:0:22]} 24. Bg5 {[%emt 0:0:9]} Rac8 {[%emt 0:0:0]} 25. Be3 {[%emt 0:0:18]} Qf6 {[%emt 0:0:3]} 26. Rc2 {[%emt 0:0:28]} b6 {[%emt 0:1:26]} 27. Rdc1 {[%emt 0:0:28]} Bd6 {[%emt 0:0:3]} 28. Bg5 {[%emt 0:1:10]
} Qg7 {[%emt 0:0:1]} 29. Bh6 {[%emt 0:0:2]} Qh8 {[%emt 0:0:0]} 30. Bf1 {[%emt 0:1:10]} a5 {[%emt 0:0:12]} 31. Ba6 {[%emt 0:0:16]} Ra8 {[%emt 0:1:26]} 32. Bb7 {[%emt 0:0:14]} Rab8 {[%emt 0:0:2]} 33. Bc6 {[%emt 0:0:1]
} Bxc6 {[%emt 0:0:29]} 34. Rxc6 {[%emt 0:0:2]} Qf6 {[%emt 0:0:0]} 35. Bg5 {[%emt 0:1:16]} Qf3 {[%emt 0:1:43]} 36. Re1 {[%emt 0:0:36]} Bb4 {[%emt 0:0:28]} 37. Qe2 {[%emt 0:0:1]} Qxe2 {[%emt 0:0:13]} 38. Rxe2 {[%emt 0:0:1]
} Bd6 {[%emt 0:0:9]} 39. Bf6 {[%emt 0:0:1]} b5 {[%emt 0:0:0]} 40. Rec2 {[%emt 0:2:11]} Rb7 {[%emt 0:0:43]} 41. Ra6 {[%emt 0:0:13]} a4 {[%emt 0:0:7]} 42. h4 {[%emt 0:0:9]} Kf8 {[%emt 0:2:59]} 43. Kg2 {[%emt 0:0:0]} Reb8 {[%emt 0:0:6]} 44. Rcc6 {[%emt 0:0:14]} Ke8 {[%emt 0:0:9]} 45. f4 {[%emt 0:0:54]} exf4 {[%emt 0:0:18]} 46. e5 {[%emt 0:0:1]} Be7 {[%emt 0:0:32]
} 47. Bxe7 {[%emt 0:0:16]} Kxe7 {[%emt 0:0:30]} 48. gxf4 {[%emt 0:0:2]
} Kd7 {[%emt 0:0:16]} 49. Kf3 {[%emt 0:0:13]} h6 {[%emt 0:0:0]} 50. Ke4 {[%emt 0:0:14]} Rg8 {[%emt 0:0:2]} 51. Rf6 {[%emt 0:1:38]} Ke7 {[%emt 0:0:7]} 52. Rac6 {[%emt 0:0:8]} Rd8 {[%emt 0:0:34]} 53. Rxc7+ {[%emt 0:2:6]
} Rxc7 {[%emt 0:0:25]} 54. d6+ {[%emt 0:0:2]} Ke8 {[%emt 0:0:0]} 55. dxc7 {[%emt 0:0:1]} Rc8 {[%emt 0:0:1]} 56. Rc6 {[%emt 0:0:2]} Kd7 {[%emt 0:0:1]} 57. Kd5 {[%emt 0:0:1]} b4 {[%emt 0:0:31]} 58. Rf6 {[%emt 0:0:27]
} Kxc7 {[%emt 0:0:7]} 59. Rc6+ {[%emt 0:0:27]} Kd7 {[%emt 0:0:0]} 60. Rxc8 {[%emt 0:0:1]} Kxc8 {[%emt 0:0:1]} 61. Kc4 {[%emt 0:0:0]
} Kd7 {[%emt 0:0:9]} 62. Kxb4 {[%emt 0:0:2]} Ke6 {[%emt 0:0:1]} 63. Kxa4 {[%emt 0:0:35]} Kf5 {[%emt 0:0:1]} 64. b4 {[%emt 0:0:1]} Kxf4 {[%emt 0:0:0]} 65. b5 {[%emt 0:0:0]} Kxe5 {[%emt 0:0:1]} 66. Ka5 {[%emt 0:0:1]} 1/2-1/2